Guess the Taylor Swift Song (Speak Now TV) 3 - Statistics

General Stats
  • This quiz has been taken 14 times
  • The average score is 330 of 407
Answer Stats
Answer % Correct
a
100%
I
100%
me
100%
my
100%
you
100%
You
100%
you,
100%
your
100%
Your
100%
And
90%
and
90%
be
90%
for
90%
go
90%
I'll
90%
in
90%
know
90%
last
90%
love
90%
on
90%
one
90%
So
90%
the
90%
The
90%
when
90%
where
90%
why
90%
wish
90%
All
80%
are
80%
away?
80%
Away
80%
But
80%
but
80%
can
80%
day
80%
did
80%
do
80%
eyes
80%
face
80%
forever
80%
Forever
80%
have
80%
heart
80%
How
80%
how
80%
I'm
80%
is
80%
It
80%
it's
80%
just
80%
Just
80%
keep
80%
kiss
80%
like
80%
look
80%
loved
80%
name,
80%
name
80%
never
80%
not
80%
now,
80%
now
80%
old
80%
still
80%
then
80%
this
80%
thought
80%
time
80%
to
80%
told
80%
us
80%
we'd
80%
you'd
80%
you're
80%
again
70%
ask
70%
at
70%
beat
70%
Because
70%
change
70%
dancing,
70%
don't
70%
end
70%
feel
70%
forget
70%
friends
70%
had
70%
hands
70%
I'd
70%
imagined
70%
lips
70%
mind
70%
miss
70%
nice
70%
of
70%
off
70%
our
70%
plan
70%
pull
70%
ran
70%
saying
70%
showing
70%
Sit
70%
something
70%
sun
70%
that
70%
That
70%
them
70%
There's
70%
those
70%
up
70%
used
70%
was
70%
watch
70%
with
70%
arms
60%
beautiful
60%
breathe
60%
changing
60%
clothes
60%
darkness
60%
eight
60%
fifty
60%
floor
60%
Fresh
60%
handshake,
60%
Hope
60%
hope
60%
interruptions
60%
jumps
60%
life
60%
meeting
60%
middle
60%
pavement,
60%
pictures
60%
plane
60%
planned
60%
pockets
60%
rain
60%
recall
60%
remember
60%
reminds
60%
roll
60%
rude
60%
shines
60%
shirt
60%
sleep
60%
smell
60%
stayed
60%
through
60%
walk
60%
wearing
60%
whispered
60%
words
60%
father
50%
July
50%
Lit
50%
much
50%
ninth,
50%
party,
50%
step
50%
swing
50%
weather
50%
No matching quizzes found
Score Distribution
Percent of People with Each Score
Percentile by Number Answered
Your Score History
You have not taken this quiz